000 00402nam a2200157Ia 4500
008 240729s9999 xx 000 0 und d
022 _a2150-7511
245 0 _amBio
260 _aUnited States
260 _bAmerican Society for Microbiology
650 _a Microbiology
650 _aScience
856 _uhttps://doaj.org/toc/b5998e20f0be4a21a879cde6fe9b8998
942 _2ddc
942 _cDOAJEJ
999 _c68451
_d68451
945 _a1
_bMadushi Gamage
_c1
_dMadushi Gamage